000 00563nam a22002177a 4500
003 UA-OsUOA
001 43927
007 ta
008 20070129b un ||||| |||| 00| 0 ukr d
100 _aВолович О.
090 _a32
_bВ-11
942 _cSA
040 _aUA-OsUOA
_bukr
_cUA-OsUOA
_dUA-OsUOA
245 _aКонфлікт між Москвою і Мінськом: причини та можливі наслідки
300 _aС.1, 3
955 _a0
041 _aukr
080 _a32
773 0 _w43926
650 7 _a32 Політика
_2UDC
999 _c330048
_d330048